| 000 | 00547nam a2200181Ia 4500 | ||
|---|---|---|---|
| 003 | GCL | ||
| 008 | 140319s9999 xx 000 0 ara d | ||
| 040 |
_aGCL / _cGCL |
||
| 082 | 0 | 4 |
_a610.65 _bي خ |
| 100 | 1 | _aيوسف محمد خليل | |
| 245 | 1 | 0 |
_aخمسون عاما فى مهنة الطب / _cيوسف محمد خليل |
| 260 |
_a[S.N] : _bلجنة الاعلام والدراسات المستقبلية ، _c1988 |
||
| 300 | _a61 ص | ||
| 490 | _a | ||
| 650 | 0 | 4 | _aالطب |
| 650 | 0 | 4 | _aالتوجية المهنى |
| 942 |
_2ddc _cBK |
||
| 999 |
_c38886 _d38886 |
||